[Event "BAN-chT Premier"]
[Site "Dhaka"]
[Date "2025.04.29"]
[Round "6.4"]
[White "Mohammad Sajid Bin, Zahid"]
[Black "Mohammad, Shakil"]
[Result "0-1"]
[WhiteElo "1932"]
[BlackElo "1951"]
[PlyCount "156"]
[EventDate "2025.04.24"]
[EventType "team-tourn"]
[EventRounds "9"]
[EventCountry "BAN"]
[SourceTitle "CB20_2025"]
[SourceDate "2025.05.14"]
[SourceVersion "1"]
[SourceVersionDate "2025.05.14"]
[SourceQuality "1"]
[WhiteTeam "Janata Bank Officer Welfare"]
[BlackTeam "Dipali Memorial CC"]
[WhiteTeamCountry "BAN"]
[BlackTeamCountry "BAN"]

1. d4 Nf6 2. c4 e6 3. Nc3 Bb4 4. Qc2 d6 5. Bg5 h6 6. Bh4 Nbd7 7. Nf3 b6 8. e4 e5 9. dxe5 dxe5 10. 0-0-0 Bxc3 11. Qxc3 Qe7 12. Bd3 0-0 13. h3 a5 14. g4 Qb4 15. Qc2 Re8 16. g5 hxg5 17. Bxg5 Bb7 18. Nh4 b5 19. cxb5 c6 20. a3 Qf8 21. b6 c5 22. f3 c4 23. Bxc4 Rec8 24. b3 Qxa3+ 25. Qb2 Qb4 26. Rh2 a4 27. Rc2 Nxb6 28. Bxf6 gxf6 29. Nf5 Nxc4 30. bxc4 Rxc4 31. Qxb4 Rxb4 32. Rb2 Rxb2 33. Kxb2 Ba6 34. Ka3 Be2 35. Rg1+ Kh8 36. Nh4 Bc4 37. Rc1 Be6 38. Ng2 Rg8 39. Ne1 Bb3 40. Rc6 Rg1 41. Nd3 Ra1+ 42. Kb4 Kg7 43. f4 Rd1 44. Rc3 Bc2 45. Rxc2 Rxd3 46. f5 Rxh3 47. Kxa4 Re3 48. Rc4 Kh6 49. Kb5 Kg5 50. Kc5 Kf4 51. Kd5 Rd3+ 52. Kc5 Ke3 53. Rb4 Kf4 54. Rb6 Kg5 55. Rb4 Rd1 56. Ra4 Rc1+ 57. Kd6 Rd1+ 58. Kc5 Rd2 59. Rb4 Rf2 60. Kd6 Rd2+ 61. Kc5 Kf4 62. Ra4 Rd3 63. Rb4 Ke3 64. Ra4 Rd4 65. Ra6 Kxe4 66. Rxf6 Rd7 67. Kc6 Ra7 68. Kb6 Re7 69. Kc6 Kf4 70. Rh6 Kxf5 71. Rh1 Ke6 72. Rh6+ f6 73. Rh5 Re8 74. Kc7 Re7+ 75. Kc6 Rd7 76. Rh6 Rd1 77. Kc5 e4 78. Kc4 Ke5 0-1

[Event "BAN-chT Premier"]
[Site "Dhaka"]
[Date "2025.04.27"]
[Round "4.4"]
[White "Mohammad Sajid Bin, Zahid"]
[Black "Sakline Mostafa, Sajid"]
[Result "0-1"]
[WhiteElo "1932"]
[BlackElo "2234"]
[PlyCount "103"]
[EventDate "2025.04.24"]
[EventType "team-tourn"]
[EventRounds "9"]
[EventCountry "BAN"]
[SourceTitle "CB20_2025"]
[SourceDate "2025.05.14"]
[SourceVersion "1"]
[SourceVersionDate "2025.05.14"]
[SourceQuality "1"]
[WhiteTeam "Janata Bank Officer Welfare"]
[BlackTeam "Titas CC"]
[WhiteTeamCountry "BAN"]
[BlackTeamCountry "BAN"]

1. f4 g6 2. Nf3 Bg7 3. Nc3 c5 4. b3 Nc6 5. e4 d6 6. Bb5 Nf6 7. Bxc6+ bxc6 8. Qe2 Qa5 9. e5 Nh5 10. exd6 0-0 11. dxe7 Re8 12. Bb2 Nxf4 13. Qe4 Qb4 14. Qxb4 cxb4 15. Na4 Bxb2 16. Nxb2 Nxg2+ 17. Kf2 Nf4 18. Rhe1 Ne6 19. Nd3 a5 20. a3 Rxe7 21. axb4 Rea7 22. Rxa5 Rxa5 23. bxa5 Rxa5 24. Nb4 Bb7 25. Re5 c5 26. Nd5 Ra2 27. Ne1 Kg7 28. Nc3 Ra1 29. Nd3 Rh1 30. Nxc5 Rxh2+ 31. Ke3 Rh3+ 32. Kf2 Rh2+ 33. Ke3 Rh3+ 34. Kf2 Rf3+ 35. Kg1 Rg3+ 36. Kf1 Rf3+ 37. Kg1 Nxc5 38. Rxc5 Rf6 39. Rc7 Bf3 40. Nb5 Rf4 41. c4 g5 42. d4 h5 43. d5 g4 44. d6 g3 45. Rc5 Kf6 46. d7 Ke7 47. Rg5 h4 48. Nc3 Kxd7 49. c5 Rd4 50. Rf5 Rd3 51. Rxf7+ Kc6 52. Rf6+ 0-1

[Event "BAN-chT Premier"]
[Site "Dhaka"]
[Date "2025.04.24"]
[Round "1.3"]
[White "Mohammad Sajid Bin, Zahid"]
[Black "Aaditya, Dhingra"]
[Result "0-1"]
[WhiteElo "1932"]
[BlackElo "2390"]
[PlyCount "82"]
[EventDate "2025.04.24"]
[EventType "team-tourn"]
[EventRounds "9"]
[EventCountry "BAN"]
[SourceTitle "CB20_2025"]
[SourceDate "2025.05.14"]
[SourceVersion "1"]
[SourceVersionDate "2025.05.14"]
[SourceQuality "1"]
[WhiteTeam "Janata Bank Officer Welfare"]
[BlackTeam "Manha's Castle"]
[WhiteTeamCountry "BAN"]
[BlackTeamCountry "BAN"]

1. e4 c5 2. Nc3 a6 3. Nf3 b5 4. a3 Bb7 5. d3 d6 6. Bf4 e5 7. Bg3 Nf6 8. Be2 Be7 9. Qd2 0-0 10. Nd1 Nc6 11. Ne3 Bc8 12. a4 Rb8 13. axb5 axb5 14. 0-0 Nd4 15. Ra7 Be6 16. Rfa1 g6 17. Nxd4 cxd4 18. Nd1 Nd7 19. f4 exf4 20. Bxf4 Ne5 21. c3 Bf6 22. R7a6 Nc6 23. Bf3 Rb6 24. Ra8 Qxa8 25. Rxa8 Rxa8 26. Bxd6 dxc3 27. bxc3 Nd4 28. e5 Nxf3+ 29. gxf3 Bg7 30. Nf2 Rba6 31. Kg2 Ra2 32. Qe3 Rc2 33. Qb6 h5 34. Qxb5 Raa2 35. Qb8+ Kh7 36. Bc5 Rxc3 37. Qd6 Bh6 38. Kg3 Rc1 39. Ne4 g5 40. h4 gxh4+ 41. Kxh4 Rh1+ 0-1